Statistics for Страны по Спутниковому Снимку #5

Click here to take the quiz!

General Stats

  • This quiz has been taken 236 times
  • The average score is 9 of 16

Answer Stats

Answer% Correct
Япония
97%
Канада
88%
Мадагаскар
88%
Греция
82%
Индонезия
82%
Шри-Ланка
73%
Йемен
68%
Марокко
56%
Таиланд
53%
Венесуэла
49%
Перу
45%
Восточный Тимор
33%
Мальта
29%
Намибия
24%
Вануату
20%
Белиз
7%

Score Distribution

Percentile by Number Answered

Percent of People with Each Score

Your Score History

You have not taken this quiz